Essential principles for built environment professionals (Record no. 115979)

MARC details
000 -LEADER
fixed length control field 01444cam a2200229 4500
001 - CONTROL NUMBER
control field L159533
008 - FIXED-LENGTH DATA ELEMENTS--GENERAL INFORMATION
fixed length control field 021003n2017 000 0 eng u
035 ## - SYSTEM CONTROL NUMBER
System control number (Sirsi) u159533
041 0# - LANGUAGE CODE
Language code of text/sound track or separate title eng
110 2# - MAIN ENTRY--CORPORATE NAME
Corporate name or jurisdiction name as entry element Construction Industry Council
9 (RLIN) 2417
245 ## - TITLE STATEMENT
Title Essential principles for built environment professionals
Remainder of title creating an accessible and inclusive environment
Medium [electronic resource]
260 ## - PUBLICATION, DISTRIBUTION, ETC.
Date of publication, distribution, etc. 2017
520 ## - SUMMARY, ETC.
Summary, etc. Promotes six principles suggested by the Office for Disability Issues for the built environment: to contribute to the creation of an inclusive society, to apply professional, responsible judgement and take a leadership role, to apply and integrate the principles of inclusive design from a project?s outset, to do more than simply complying with legislation and codes, to seek multiple views to solve accessibility and inclusivity challenges, to acquire the skills, knowledge, understanding and confidence necessary to make inclusion the norm rather than the exception.
590 ## - LOCAL NOTE (RLIN)
Local note WB
650 ## - SUBJECT ADDED ENTRY--TOPICAL TERM
Topical term or geographic name entry element MANAGEMENT-BUSINESS MANAGEMENT-DISCRIMINATION-DISABILITY DISCRIMINATION-ACCESSIBILITY
650 ## - SUBJECT ADDED ENTRY--TOPICAL TERM
Topical term or geographic name entry element DISABLED PEOPLE
650 ## - SUBJECT ADDED ENTRY--TOPICAL TERM
Topical term or geographic name entry element GUIDANCE
651 #4 - SUBJECT ADDED ENTRY--GEOGRAPHIC NAME
Geographic name ENGLAND AND WALES
690 ## - LOCAL SUBJECT ADDED ENTRY--TOPICAL TERM (OCLC, RLIN)
Topical term or geographic name as entry element BUILT ENVIRONMENT
856 ## - ELECTRONIC LOCATION AND ACCESS
Uniform Resource Identifier <a href="https://www.cic.org.uk/shop/essential-principles-guide-for-built-environment-professionals-creating-an-accessible-and-inclusive-environment">https://www.cic.org.uk/shop/essential-principles-guide-for-built-environment-professionals-creating-an-accessible-and-inclusive-environment</a>
Public note Order for free from cic.org.uk
942 ## - ADDED ENTRY ELEMENTS (KOHA)
Suppress in OPAC 0
Source of classification or shelving scheme Dewey Decimal Classification
Holdings
Withdrawn status Lost status Source of classification or shelving scheme Damaged status Not for loan Home library Current library Shelving location Date acquired Total Checkouts Full call number Barcode Date last seen Copy number Price effective from Koha item type
    Dewey Decimal Classification     Virtual Virtual Online 22/08/2017   ONLINE PUBLICATION 159533-1001 06/08/2019 1 06/08/2019 Book